Weirdest country borders - Statistics

General Stats
  • This quiz has been taken 53 times
  • The average score is 11 of 13
Answer Stats
Hint Answer % Correct
Spain Portugal
95%
Morocco Spain
93%
France Spain
93%
Usa Canada
91%
Belgium Netherlands
91%
Italy San Marino
91%
Lesotho South Africa
91%
Italy Vatican City
91%
Austria Germany
86%
Nepal China
84%
Austria Hungary
84%
Slovakia Austria
77%
Hungary Slovakia
74%
No matching quizzes found
Score Distribution
Percent of People with Each Score
Percentile by Number Answered
Your Score History
You have not taken this quiz